| 000 | 01094nam0a22002771 4500 | ||
|---|---|---|---|
| 001 | v19\rc\1637415 | ||
| 005 | 20260408120049.0 | ||
| 035 | _a(NLR Aleph) 004751290 | ||
| 090 |
_a4538612 _c4538612 |
||
| 100 | _a20061002f19001909|||y0rusy50 ca | ||
| 101 | 0 | _arus | |
| 102 | _aRU | ||
| 105 | _ay z ||||| | ||
| 200 | 1 |
_aУголовное уложение _eПроект, испр. заключениям Особого присутствия Гос. совета _hГл. 1 _iО преступных деяниях и наказаниях вообще |
|
| 210 |
_a[Санкт-Петербург _d190-?] |
||
| 215 |
_a32 с. _d25 |
||
| 309 | _aБез тит. л. и обл. | ||
| 711 | 0 | 1 |
_aРоссия _bГосударственный совет _3RU\NLR\AUTH\889948587 _9392796 |
| 740 | 1 |
_aРоссия _tЗаконы и постановления _iУголовное уложение _3RU\NLR\AUTH\880384444 _9435136 |
|
| 801 | 0 |
_aRU _bNLR _gpsbo |
|
| 801 | 0 |
_aRU _bRuMoRGB _2psbo |
|
| 801 | 1 |
_aRU _bProSoft-M _2rusmarc |
|
| 852 |
_aNLR _j37.62.1.331 |
||
| 942 | _cBOOK | ||
| 980 | _aNB | ||